[Event "RUS-chT 17th"]
[Site "Dagomys"]
[Date "2010.04.01"]
[Round "1"]
[White "Lushenkov, Mikhail M"]
[Black "Moiseenko, Alexander"]
[Result "0-1"]
[WhiteElo "2469"]
[BlackElo "2668"]
[Annotator "Ftacnik,L"]
[PlyCount "68"]
[EventDate "2010.04.01"]
[EventType "team-tourn"]
[EventRounds "9"]
[EventCountry "RUS"]
[SourceTitle "EXT 2020"]
[Source "ChessBase"]
[SourceDate "2019.10.17"]
[SourceVersion "1"]
[SourceVersionDate "2019.10.17"]
[SourceQuality "1"]
[WhiteTeam "Saratov Ekonomist SGSEU II"]
[BlackTeam "Saratov Ekonomist SGSEU"]
[WhiteTeamCountry "RUS"]
[BlackTeamCountry "RUS"]

1. c4 e5 2. Nc3 Bb4 3. Nd5 Bc5 4. Nf3 c6 5. Nc3 Qe7 6. d4 {The theory in this
unusual variation is just being written and it is not clear, which line will
end up as most unpleasant for the defender.} (6. e3 d6 7. d4 exd4 (7... Bb4 $5
8. Qb3 Ba5 9. Bd2 Nf6 10. Be2 Bc7 11. O-O-O O-O 12. h3 a6 13. dxe5 dxe5 14. g4
a5 15. Ng5 Na6 16. Nge4 Nxe4 17. Nxe4 Nc5 18. Nxc5 Qxc5 19. Bd3 Be6 20. Qc2 h6
21. Kb1 e4 {1/2-1/2 Ionov,S-Dolmatov,S/St Petersburg 2004/ (21)}) 8. Nxd4 Nf6
9. Be2 O-O 10. O-O d5 $5 (10... Rd8 11. b3 d5 12. cxd5 Nxd5 13. Nxd5 Rxd5 14.
Bf3 Bxd4 15. exd4 Rd8 16. Re1 Be6 17. Bf4 Qb4 $132 {1/2-1/2 McNab,C-Cramling,P/
Catalan Bay/ 2004/ (28)}) 11. cxd5 cxd5 12. b3 Nc6 13. Nxc6 bxc6 14. Bb2 Bd6
15. Bf3 Rd8 (15... h5 $5 16. Ne2 (16. Bxh5 $2 Qe5) 16... Ng4 17. g3 Ne5 18. Bg2
(18. Bxh5 g6) 18... h4 $36) 16. g3 Ba6 17. Re1 Rac8 18. Qc2 Be5 19. Rad1 h5 20.
Ne2 $13 h4 21. Nf4 (21. Nd4 $5 {(/\22.Nf5)}) 21... hxg3 22. hxg3 $14 {1-0
Gurevich,M (2644)-Naiditsch,A (2611)/Ajaccio 2004/ (39)}) 6... exd4 7. Nxd4 Nf6
8. e3 {The less experienced Lushenkov foregoes the chance to test his opponent
with the sharp move of the knight to the f5-square.} (8. Nf5 $5 Qf8 (8... Qe5
9. Nxg7+ Kf8 10. f4 Ne4 11. Nxe4 Qxe4 12. Nh5 Qxc4 13. Bd2 $16) 9. e4 d6 10.
Be2 Bxf5 11. exf5 Nbd7 12. O-O $14) 8... O-O 9. Be2 d5 (9... Na6 10. O-O Bb6
11. b3 Bc7 12. Bb2 d6 13. Bf3 Bd7 14. a3 Nc5 15. Qc2 Rfe8 16. Nde2 Nce4 17.
Nxe4 Nxe4 18. Ng3 Nxg3 19. hxg3 Qg5 $11 {0-1 Lirindzakis,T (2325)-Leko,P (2460)
/Balatonbereny 1992 (54)}) 10. cxd5 cxd5 11. O-O (11. Nb3 Bb6 12. Nxd5 Nxd5 13.
Qxd5 Rd8 14. Qf3 Nc6 15. Bd2 a5 16. Bc3 a4 17. Nc1 $11) 11... Rd8 {Moiseenko
must have been quite satisfied with the transition to the middlegame. The
model position with an isolated pawn offers the chance to fight for the
advantage in the next phase of the struggle.} 12. b3 Nc6 13. Nxc6 (13. Bb2 Nxd4
14. exd4 Bb6 15. Re1 Be6 $11) 13... bxc6 14. Bb2 (14. Na4 Bd6 15. Bb2 Ne4 16.
Qc2 Qg5 $15) 14... d4 $5 15. exd4 Bxd4 16. Qc2 Qc5 {The opening of the centre
with the help of the d-pawn advance might be risky, since the c6-pawn will
remain weak. Black is getting the chance to exploit the attacking potential of
his very active pieces.} 17. Rad1 (17. Bd3 h5 18. Rad1 Bg4 19. Rd2 Rd7 20. h3
Be6 21. Na4 $11) 17... Bf5 18. Bd3 {White is not ready to seek equality after
the passive retreat of the queen. The general balance has not yet been
affected.} (18. Qc1 Ng4 19. Ne4 $1 Qxc1 20. Bxc1 Bxe4 21. Bxg4 f5 22. Be2 $11)
18... Bg4 (18... Bxd3 19. Rxd3 Rd6 20. Rd2 Re8 21. Na4 $11) 19. Rd2 (19. Rc1
Rd7 20. h3 Be6 21. Na4 $11) 19... Qe5 20. Na4 c5 21. h3 (21. Qc1 Bd7 22. Re1 (
22. Nxc5 $2 Ng4 23. g3 Qh5 24. h4 Bxc5) 22... Qd6 23. Bxd4 cxd4 24. Qc5 $11)
21... Bh5 {The attacking player has not really noticed, that White might have
been more tested after the active move of the light-squared bishop.} (21... Bf3
$5 22. Bxd4 (22. Kh1 $2 Qh5 23. Bf5 Rd5 $19) 22... Qg5 23. g3 cxd4 $15) 22.
Bxd4 cxd4 23. Rc1 Qg5 24. Nc5 {The white army is concentrated in the centre,
but real benefits for the first player are sadly absent.} (24. g4 Bg6 (24...
Nxg4 25. f4 Qxf4 26. hxg4 Bxg4 27. Bxh7+ Kh8 28. Bd3 Qg3+ 29. Rg2 Qe3+ 30. Rf2
$11) 25. Bxg6 hxg6 26. Rcd1 Rac8 $15) (24. Kh1 Re8 25. Qb2 Ne4 26. Bxe4 Rxe4
27. f3 Rh4 $15) 24... Rac8 25. b4 Nd5 (25... Bf3 26. Bf1 a5 27. a3 axb4 28.
axb4 $11) 26. a3 $2 {The black knight in the centre was indicating trouble on
both sides of the board. Lushenkov has decided to solve a problem, that was
not the most pressing one.} (26. Bxh7+ Kh8 27. h4 Qxh4 28. Bf5 Rb8 29. a3 Qg5
30. Rxd4 Nf4 31. Rxf4 Qxf4 $15) 26... Nf4 $1 27. g3 (27. f3 Nxh3+ 28. Kf1 Nf4
29. Bxh7+ Kh8 30. Be4 f5 31. Bxf5 d3 32. Bxd3 Rxd3 33. Rxd3 Nxd3 $19) (27. Be4
d3 28. Qb2 Nxh3+ 29. Kh2 Nxf2 $19) 27... Nxh3+ 28. Kf1 Bg6 29. Rcd1 $2 {
[%mdl 256] White has failed to maintain parity in the middlegame and he also
fails in minimizing the damage, that can arise from Moissenko's activity.} (29.
Bxg6 hxg6 30. Re1 $1 (30. Rcd1 Qd5 $19) 30... Qh5 31. Kg2 Ng5 32. Qd3 Qh3+ 33.
Kg1 Re8 $15) 29... Qd5 $1 30. Bxg6 (30. Be4 Rxc5 31. Bxd5 Rxc2 $16) 30... hxg6
31. Rxd4 (31. Qe4 Rxc5 $19) 31... Qh1+ 32. Ke2 Re8+ 33. Re4 (33. Kd2 Qf3 34.
Kc1 Nxf2 35. R1d2 Qxa3+ 36. Qb2 Re1+ 37. Kc2 Qxg3 $19) 33... Qg2 $6 {The
attacking party considered his mission completed and he had no strength left
to find a charming solution with the help of a geometrical motif.} (33... Rxe4+
34. Qxe4 Qxd1+ $1 35. Kxd1 Nxf2+ $19) 34. Rf1 (34. Rxe8+ Rxe8+ 35. Kd2 Nxf2 36.
Kc1 Qxg3 $19) (34. Rdd4 Nxf2 35. Rxe8+ Rxe8+ 36. Kd2 Re2+ $1 37. Kxe2 Ng4+ 38.
Kd3 Qxg3+ 39. Ke2 Qg2+ 40. Kd3 Qf3+ 41. Kd2 Qe3+ 42. Kd1 Nf2+ 43. Qxf2 Qxf2 $19
) 34... Ng5 (34... Ng5 35. Re3 Rxe3+ 36. Kxe3 Qxf1 $19) 0-1

[Event "Interzonal-16"]
[Site "Biel"]
[Date "1993.??.??"]
[Round "9"]
[White "Portisch, Lajos"]
[Black "Gulko, Boris F"]
[Result "1-0"]
[WhiteElo "2585"]
[BlackElo "2635"]
[Annotator "Ftacnik,L"]
[PlyCount "47"]
[EventDate "1993.07.16"]
[EventType "swiss"]
[EventRounds "13"]
[EventCountry "SUI"]
[SourceTitle "CBM 037"]
[Source "ChessBase"]
[SourceDate "1993.12.01"]
[SourceVersion "1"]
[SourceVersionDate "1993.12.01"]
[SourceQuality "1"]

1. d4 {Ribli} d6 2. c4 e5 3. Nf3 e4 4. Ng5 f5 5. Nc3 c6 6. Nh3 Na6 7. g3 Be7 8.
Bg2 Nf6 9. O-O O-O (9... Nc7 10. d5 O-O 11. f3 b5 12. cxb5 Nxb5 13. Nxb5 cxb5
14. Be3 Qa5 15. Nf4 Bd8 16. Kh1 Bb6 17. Bd2 Qa4 18. Qxa4 bxa4 19. Bb4 g5 20.
Nh3 exf3 21. exf3 Nxd5 22. Bd2 Ne3 23. Bxe3 Bxe3 24. f4 $15 {Hansen,
Cu-Vaganian,R/Ter Apel (03)/1993/}) (9... Nc7 $5 {Ribli Hansen,Cu-Vaganian,R/
Ter Apel/1993/CBM35/}) 10. f3 (10. d5 $1 c5 $6 11. f3 exf3 12. exf3 Nc7 13. Re1
Re8 14. Qc2 Bd7 15. a4 $6 Nh5 $1 16. Be3 Bf6 17. Kh1 g6 18. f4 Ng7 19. Ng5 h6
20. Nf3 Na6 21. Nb5 $1 Nb4 22. Qd2 a6 $2 23. Nxd6 Rxe3 24. Rxe3 $16 {Lautier,
J-Magem Badals,J/Pamplona/1992/}) 10... Nc7 (10... exf3 11. Bxf3 (11. Rxf3 $5 {
Ribli} Nc7 12. Bf4 Be6 13. Qd3 h6 14. Rff1 Qd7 15. d5 cxd5 16. cxd5 Bf7 17. Bd2
$14 {Pinter}) 11... Nc7 12. Nf4 Ne6 13. Nxe6 Bxe6 14. d5 Bf7 15. Qb3 Qc7 16.
Kh1 Nd7 17. Bf4 Bf6 18. Qa3 Be5 19. Bg2 c5 {0,5/Solonar,S-Pavlenko/Chisinau/
1993/}) (10... d5 {Ribli} 11. cxd5 cxd5 12. fxe4 fxe4 13. Qb3 $14) 11. fxe4
fxe4 12. d5 b5 $5 (12... cxd5 {Ribli} 13. cxd5 $14) 13. dxc6 (13. cxb5 cxd5 14.
Nf4 Bb7 $13) 13... bxc4 14. b3 Qe8 (14... cxb3 15. Qxb3+ d5 (15... Be6 16. Qc2
d5 17. Ng5 Bg4 $13) 16. Nf4 Bc5+ 17. Kh1 Qd6 18. Nxe4 (18. Rd1 $5) 18... Nxe4
19. Bxe4 Qe5 20. Bg2 Qxa1 21. Bb2 Qxf1+ 22. Bxf1 $16) 15. Nf2 Qxc6 (15... d5
16. bxc4 Qxc6 17. Nxd5 Ncxd5 18. cxd5 Nxd5 19. Nxe4 $16) 16. Ncxe4 (16. Nfxe4
$5 {Ribli}) 16... d5 (16... Nxe4 17. Bxe4 d5 18. Bg2 Bf6 19. Ba3 $14) 17. Nxf6+
Bxf6 18. Ba3 Rd8 (18... Bxa1 19. Bxf8 Bf6 (19... Kxf8 20. Qxa1 $16) 20. bxc4 (
20. Ba3 c3 21. e4 Be6) 20... Kxf8 21. cxd5 Qd6 22. Ne4 Qb6+ 23. Kh1 $40) 19.
Rc1 Qa6 20. Bb4 Qxa2 $6 (20... Bb7 21. bxc4 dxc4 22. Bxb7 Qxb7 23. Qa4 Nd5 24.
Bc5 $14) (20... Rb8 {Ribli} 21. a3 $14) 21. Ne4 $1 Be5 (21... dxe4 $2 22. Qxd8+
Bxd8 23. Rf8#) (21... Qxb3 $2 22. Nxf6+ gxf6 23. Qxb3 cxb3 24. Rxc7 $18) 22.
Nc3 Qa6 (22... Bxc3 23. Bxc3 (23. Rxc3 $6 Bb7 24. Rcf3 d4 $13) 23... Bb7 24.
Bxg7 $1 Re8 (24... Kxg7 25. Qd4+ Kg8 26. Qg4+ Kh8 27. Rf7 Qb2 28. Qh5 Qxc1+ 29.
Kf2 $18) 25. Rc2 Qxb3 26. Bc3 $16) (22... Qxb3 23. Nxd5 Qxd1 (23... Nxd5 24.
Qxd5+ $1 $18) 24. Rcxd1 $16) 23. Nxd5 Nxd5 (23... Be6 24. bxc4 $16) 24. Qxd5+
$1 (24. Qxd5+ $1 Rxd5 25. Rf8#) 1-0

[Event "Dos Hermanas"]
[Site "Dos Hermanas"]
[Date "1994.??.??"]
[Round "4"]
[White "Karpov, Anatoly"]
[Black "Illescas Cordoba, Miguel"]
[Result "1-0"]
[WhiteElo "2740"]
[BlackElo "2590"]
[Annotator "Ftacnik,L"]
[PlyCount "101"]
[EventDate "1994.04.??"]
[EventType "tourn"]
[EventRounds "9"]
[EventCountry "ESP"]
[EventCategory "16"]
[SourceTitle "CBM 041"]
[Source "ChessBase"]
[SourceDate "1994.08.01"]
[SourceVersion "1"]
[SourceVersionDate "1994.08.01"]
[SourceQuality "1"]

1. c4 e5 2. Nc3 Bb4 3. Nd5 Be7 4. d4 d6 5. e4 $5 $146 Nf6 (5... c6 $5 6. Nxe7
Qxe7 7. d5 (7. Be3 Nf6 8. f3 d5 $13) 7... f5 (7... cxd5 8. cxd5 f5 9. exf5 Bxf5
10. Ne2 Nf6 11. Nc3 $14) 8. Bd3 $14) (5... Nc6 6. Nxe7 Ngxe7 7. d5 $14) 6. Nxe7
Qxe7 7. f3 exd4 (7... c5 8. d5 $14) 8. Qxd4 c5 $6 (8... Nc6 9. Qc3 O-O (9...
Qe5 10. Ne2 $14) 10. Be3 $14) 9. Qd2 Be6 10. Bd3 Nc6 11. Ne2 O-O 12. O-O a6 13.
b3 Rab8 14. Nc3 Nd4 15. Bb2 b5 16. Nd5 Bxd5 17. cxd5 Qa7 18. Rad1 $5 {/\ Bb1} (
18. Qf2 $1) 18... c4 19. Qf2 Nxf3+ 20. gxf3 Qxf2+ 21. Kxf2 cxd3 22. Rg1 Nh5 23.
Ke3 (23. Rg5 $6 Rfc8 $1 (23... g6 $2 24. Rxh5 $1) 24. Bxg7 Nxg7 25. Rdg1 Rc2+
26. Ke3 d2 27. Rxg7+ Kh8 $13) 23... Rfc8 24. Kxd3 (24. Rxd3 $1 b4 (24... Kf8
25. Rc3 Rxc3+ 26. Bxc3 Rc8 27. Bb4 $16) (24... Rc2 25. Rd2 Rbc8 26. Rxc2 Rxc2
27. Rc1 $16) 25. Rc1 Rxc1 26. Bxc1 Rc8 27. Bd2 a5 28. Rd4 $16) 24... f6 25. Ba3
$1 (25. Rc1 $1 Kf7 26. Rc6 Rxc6 27. dxc6 $16) 25... b4 26. Bb2 Kf7 27. Rc1 Nf4+
28. Ke3 g5 29. Bd4 Ke7 30. Rc6 (30. Ba7 $5 Ra8 31. Bb6 Rc3+ (31... Rab8 32. Bc7
Ra8 33. Rc6) 32. Rxc3 bxc3 33. Rc1 Rc8 34. Bd4 $16) 30... Rxc6 31. dxc6 Rc8 32.
Rc1 Ne6 33. Bb6 Nc5 34. c7 (34. Bxc5 Rxc6) 34... Ne6 35. Rc4 Kd7 36. Rxb4 Nxc7
37. Rc4 Ne8 (37... Ne6 38. Rxc8 Kxc8 39. Bd4 Nxd4 40. Kxd4 $18) 38. Rxc8 Kxc8
39. Kd4 Kb7 40. Ba5 Kc6 41. Kc4 Kd7 42. Bc3 h5 43. a4 Ke6 44. Bd4 f5 45. exf5+
Kxf5 46. Kd5 Kf4 47. b4 Kxf3 48. Kc6 g4 49. b5 axb5 50. a5 Ke4 51. a6 (51. a6
Kxd4 52. a7 $18) 1-0

[Event "ARG-World"]
[Site "Buenos Aires"]
[Date "1994.??.??"]
[Round "1"]
[White "Bellon Lopez, Juan Manuel"]
[Black "Spangenberg, Hugo"]
[Result "1/2-1/2"]
[WhiteElo "2460"]
[BlackElo "2510"]
[Annotator "Ftacnik,L"]
[PlyCount "80"]
[EventDate "1994.04.??"]
[EventType "schev"]
[EventRounds "10"]
[EventCountry "ARG"]
[SourceTitle "CBM 042"]
[Source "ChessBase"]
[SourceDate "1994.10.01"]
[SourceVersion "1"]
[SourceVersionDate "1994.10.01"]
[SourceQuality "1"]

1. d4 d6 2. c4 e5 3. Nf3 e4 4. Ng5 f5 5. Nc3 Be7 6. Nh3 Nf6 7. Nf4 O-O 8. h4 c6
9. e3 Na6 10. d5 Nc7 11. b3 Nd7 12. Bb2 Ne5 13. c5 dxc5 14. dxc6 c4 $5 (14...
Nxc6 15. Bc4+ Kh8 16. h5 $36) 15. cxb7 Bxb7 16. Bxc4+ Nxc4 17. bxc4 Rb8 18. a4
Bb4 19. O-O Qxh4 20. Qd4 Ne8 21. Ncd5 Bxd5 22. g3 Qh6 23. Nxd5 Rf7 24. Rab1 Rd8
25. Kg2 Ba5 26. Rh1 Qc6 27. Qe5 Qd6 28. Rhd1 Qxe5 29. Bxe5 Rc8 30. Rb5 Bd8 31.
c5 Bc7 (31... a6 32. Nb6 $13 (32. Rb8 $5)) 32. Bxc7 Nxc7 33. Nxc7 Rfxc7 34. c6
g6 35. Rb7 Kf7 36. Rd7+ Rxd7 37. cxd7 Rd8 38. Rxa7 Ke6 39. a5 $6 (39. g4 $5)
39... Rxd7 40. Ra6+ Kd5 1/2-1/2

[Event "World Women-ch"]
[Site "Chongqing/Shanghai"]
[Date "2018.05.04"]
[Round "2"]
[White "Tan, Zhongyi"]
[Black "Ju, Wenjun"]
[Result "0-1"]
[WhiteElo "2522"]
[BlackElo "2571"]
[Annotator "Ftacnik,L"]
[PlyCount "110"]
[EventDate "2018.05.03"]
[EventType "match"]
[EventRounds "10"]
[EventCountry "CHN"]
[SourceTitle "CBM 185"]
[Source "ChessBase"]
[SourceDate "2018.07.13"]
[SourceVersion "1"]
[SourceVersionDate "2018.07.13"]
[SourceQuality "1"]

1. c4 e5 2. Nc3 Bb4 {The line with a (very) early ...Bb4 is very effective for
Black as it scores excellently in practice. The deep explanation would
probably suggest that Black has the perfect chance to adapt his play to the
absence of the dark-squared bishop from a very early stage.} 3. d3 Bxc3+ 4.
bxc3 d6 5. g3 f5 6. Bg2 Nf6 7. Rb1 c6 8. Nf3 Qc7 {Black's queen may also look
for its best location on the e7-square and this riddle will have to be solved
in the future.} (8... Qe7 9. O-O O-O 10. Nd2 Na6 11. Nb3 Be6 12. Bg5 Qc7 13.
Qc1 Rae8 14. Qa3 Bc8 15. Na5 e4 16. Nb3 Nh5 17. dxe4 fxe4 18. c5 dxc5 19. Nxc5
Nxc5 20. Qxc5 Re5 21. Qe3 h6 22. Bf4 Nxf4 23. gxf4 Re7 (23... Ra5 24. Rb4 Qxf4
25. Qxf4 Rxf4 26. e3 Rf7 27. a4 Re7 $17) 24. Qxa7 Qxf4 $15 {1/2-1/2 (45)
Molinaroli,M (2219)-Schmidt,M (2216) Germany 2003}) (8... O-O 9. O-O Na6 10.
Ne1 Qe7 11. f4 e4 12. Nc2 Re8 13. Ne3 Kh8 14. d4 Nc7 15. a4 Rb8 16. Ba3 c5 17.
d5 Qf7 18. a5 Rg8 19. Bh3 Qh5 20. Kg2 Nce8 $15 {0-1 (45) Schermeier,K (1890)
-Matthias,H (2270) Oelde 1994}) 9. O-O O-O 10. Bg5 (10. Qb3 c5 11. Ng5 (11. Nh4
Nc6 12. Bg5 $11) 11... Nc6 12. Qb5 h6 13. Nh3 Na5 14. f4 e4 15. Nf2 Bd7 16. Qb2
Bc6 17. Nd1 Rae8 18. Ne3 g6 $17 {0-1 (50) Ehlert,H (1923)-Gross,T (2152)
Verden 2008}) 10... Nbd7 11. Nd2 {Giving up the dark-squared bishop diminshes
White's chances to play for any advantage. Tan will be left with the
obligation to seek compensation for the doubled c-pawns.} (11. Qc2 h6 12. Bc1
$11) 11... h6 12. Bxf6 (12. Be3 Ng4 13. Qc1 f4 14. gxf4 exf4 15. Bd4 Nc5 $15)
12... Nxf6 13. e4 (13. e3 Be6 14. f4 Rae8 $15) 13... Be6 (13... fxe4 14. Nxe4
Be6 15. Nxf6+ Rxf6 16. Rb2 $11) 14. Bh3 Qd7 15. exf5 Bxf5 16. Bxf5 Qxf5 17. Ne4
{The engine fails to find any advantage for Black after the strightforward
exchange of the b7-d3 pawn pair as White would get active play.} (17. Rxb7 $1
Qxd3 18. Nb3 Qxd1 19. Rxd1 Ne4 20. Rd3 Rac8 21. f3 Ng5 22. Nd2 Rf7 23. Rb2 $11)
17... Qd7 18. Qb3 (18. c5 $1 d5 19. Nxf6+ Rxf6 20. Qe2 Rf5 21. f3 $11) 18...
Nxe4 19. dxe4 Rf7 20. Rfd1 (20. Rbd1 Qe6 21. Kg2 (21. f3 Raf8 22. Rd3 b6 $15)
21... b6 22. Rd3 Rf6 $15) 20... Qg4 $5 {Ju is very cleverly trying to cause
problems with attacks against the many pawn weaknesses in White's camp.} 21.
Rxd6 (21. Qc2 Raf8 (21... Qe6 22. Qd3 Raf8 23. Rd2 $11) 22. Rxd6 Rxf2 23. Qxf2
Rxf2 24. Kxf2 b6 25. Re1 Qh5 $15) 21... Qe2 22. Rf1 $2 {Any lesson on the art
of defence warns players against passive solutions to the problems without a
trace of counterplay. White was still doing fine with the help of 22.Qb2!} (22.
Qb2 $1 Qxe4 23. c5 $11) 22... Raf8 23. c5 Kh7 24. Qd1 Qxa2 25. Qb1 (25. f3 Qc4
26. Kg2 Qxc5 $17) 25... Qc4 26. Rd2 a5 {Black does not even have to accept
good chances after capturing the c-pawn right away.} (26... Qxc5 27. Qb4 Qe7
$17) 27. Qb6 (27. Qc2 Qxc5 28. Ra1 Rf3 $17) 27... Qxc3 28. Rb2 (28. Ra2 Ra8 29.
Rfa1 Qd4 $17) 28... h5 $1 (28... Rd7 29. Rfb1 Ra8 $17) 29. Ra2 a4 (29... Ra8
30. Rfa1 h4 $1 $17) 30. Qb2 Qxc5 31. Rxa4 g6 (31... Rf3 32. Rb4 b5 33. Rb3 Qd4
$17) 32. Qd2 Kg7 33. Ra5 Qd4 {The endgame with four rooks and pawn down will
be very difficult for the defender, but only if Black will manage to play
forcefully enough.} 34. Qxd4 exd4 35. f4 Rd8 (35... Re7 36. Rb1 Kf6 37. Kf2
Rxe4 38. Rxb7 Rfe8 39. Ra2 Ke6 $1 $17) (35... Re8 36. e5 g5 37. e6 Rxe6 38.
Rxg5+ Kh6 $17) 36. Kf2 b6 $2 {[%mdl 4096] Both contenders for the women chess
crown will display serious ignorance of a scarcely discussed secret in chess:
pawn moves are nearly never better than the ones improving the pieces. Ju
should have taken care of the rook first.} (36... Rc7 $1 37. Ke2 c5 38. Kd2 c4
39. Rb1 b6 40. Ra2 Rb8 41. Rb5 Rc5 42. Rb1 b5 $17) 37. Ra6 c5 (37... Rb7 38.
Rb1 d3 39. Ke1 c5 40. Raxb6 Rxb6 41. Rxb6 c4 42. Kd1 Ra8 $15) 38. Rxb6 Ra7 39.
f5 $2 {The pawn move in time trouble definitely spoils the position for White
at a moment, when the correct 39.Rc6! would have promised excellent chances to
save the game.} (39. Rc6 $1 Rb8 (39... Ra2+ 40. Kf3 Rc2 41. Ra1 d3 42. Ra7+ Kh8
43. Rxg6 d2 44. Rh6+ Kg8 45. Rg6+ $11) 40. Re1 Rb2+ 41. Re2 Rxe2+ 42. Kxe2 Ra2+
43. Kd3 $11) 39... gxf5 40. exf5 d3 $1 41. Rc6 Ra2+ 42. Kf3 (42. Ke3 Re2+ 43.
Kf3 Rd5 44. Kf4 d2 45. Rd1 Re1 $19) 42... d2 43. Rc7+ Kf6 44. Rc6+ Ke7 (44...
Kxf5 $2 45. Rxc5+ Kg6 46. Rd1 $11) 45. Rd1 (45. Rc7+ Kd6 46. Rb7 Ke5 47. Rd1 c4
$19) 45... Rc2 {Unfortunately White is not able to stop the advance of the
c-pawn combined with the activity of the black rook on the c-file.} 46. h3 (46.
Ke2 c4 47. Ra6 c3 48. Raa1 Rb2 49. Ke3 c2 50. Rxd2 c1=Q 51. Rxc1 Rbxd2 $19)
46... c4 47. g4 hxg4+ 48. hxg4 Rc1 49. Ke2 c3 50. Rc7+ (50. g5 Rd5 51. f6+ Kd7
52. Rxc3 Rxc3 53. f7 Ke7 $19) (50. Re6+ Kf7 51. g5 Rd5 52. g6+ Kf8 53. f6 Rxd1
54. g7+ Kf7 55. Re7+ Kxf6 56. g8=Q Re1+ 57. Kf2 Rf5+ 58. Kg2 Rg1+ 59. Kxg1
d1=Q+ $19) 50... Kf6 {Black can afford some drama towards the end of the game,
but we must admit, that retreat to f8 was a considerably easier solution.} (
50... Kf8 $1 51. g5 Re8+ $19) 51. Rc6+ Kg5 (51... Kf7 52. g5 Re8+ $19) 52. Kf3
Rg8 53. Ke2 Rh8 54. Rd6 (54. Rxd2 Rh2+ 55. Kf3 Rh3+ 56. Ke2 cxd2 $19) 54...
Rxd1 55. Kxd1 Rh1+ {Even heroic resistance was not able to stop the final
advance of the d-pawn.} (55... Rh1+ 56. Kc2 Rc1+ 57. Kb3 d1=Q+ $19) 0-1

[Event "Belgrade GMA op"]
[Site "Belgrade"]
[Date "1988.??.??"]
[Round "?"]
[White "Ruban, Vadim"]
[Black "Miles, Anthony John"]
[Result "0-1"]
[WhiteElo "2395"]
[BlackElo "2500"]
[Annotator "Ftacnik,L"]
[PlyCount "52"]
[EventDate "1988.12.??"]
[EventType "swiss"]
[EventRounds "9"]
[EventCountry "YUG"]
[SourceTitle "TD"]
[Source "ChessBase"]
[SourceDate "1994.03.01"]
[SourceVersion "1"]
[SourceVersionDate "1994.03.01"]
[SourceQuality "1"]

1. d4 d6 2. c4 e5 3. Nc3 exd4 4. Qxd4 Nf6 5. b3 (5. Bg5 $5 Be7 6. e3) 5... g6
6. Bb2 Bg7 7. g3 O-O 8. Bg2 Nbd7 $1 (8... Nc6 9. Qd2 Re8 10. Nh3 Bxh3 11. Bxh3
Ne4 $10) 9. Nf3 (9. Nh3 Nc5 10. Qd2 Re8 11. O-O Nfe4 12. Nxe4 Nxe4 13. Qc1 $10)
9... Nc5 10. Qd2 a5 (10... Nfe4 11. Nxe4 Nxe4 12. Qc1 $10) 11. Nd4 Re8 12. O-O
c6 13. Rab1 (13. Rad1 Qb6 14. e3 a4 15. Qc2) 13... Qe7 14. a3 h5 $1 15. Qc2 $6
(15. b4 axb4 16. axb4 Nce4 17. Nxe4 Nxe4 18. Qc1 $1 h4 (18... Ra2 19. Nf3) 19.
Nf3 $15) 15... h4 $36 16. b4 axb4 17. axb4 Nce4 18. Nxe4 Nxe4 19. Nf3 $2 (19.
Ra1 $1 Rxa1 20. Bxa1 $15 (20. Rxa1 $2 Nxf2 $1 $19)) 19... h3 $1 20. Bh1 Bf5 21.
Qb3 $8 (21. Bxg7 Nxg3 22. e4 Bxe4 23. Qb2 Nxh1) 21... Nxf2 $3 22. Rxf2 (22.
Bxg7 Kxg7 23. Kxf2 Qxe2+ 24. Kg1 Bxb1 25. Qxb1 Ra2) (22. Kxf2 Qxe2+ 23. Kg1
Bxb1 24. Rxb1 Bxb2 25. Qxb2 Qxb2 26. Rxb2 Ra1+ $19) 22... Bxb1 23. Bxg7 Kxg7
24. Qxb1 Qf6 $1 (24... Qe3 25. Qb2+ $1 Kg8 26. Nd2) 25. Nd2 Qd4 26. Qd3 $2 (26.
Qf1 Ra1 27. Nb1 Rxe2 $1 $19) (26. Nb3 $8 Qc3 $1 $19 (26... Qxc4 27. Qb2+ Re5 $1
28. Na5 Qb5 $19)) 26... Ra1+ (26... Ra1+ 27. Nf1 Rxf1+ $1 28. Kxf1 Qa1+) 0-1